100 ways to bosst your firm's profit ability
| Main Author: | |
|---|---|
| Format: | Book |
| Published: |
Kuala Lumpur :
Golden Books Centre Sdn Bhd ,
1991
|
| Subjects: |
MARC
| LEADER | 00000cam a2200000 7i4500 | ||
|---|---|---|---|
| 001 | 0000004086 | ||
| 002 | 000004398 | ||
| 005 | 20000330.0 | ||
| 020 | |a 9679959872 | ||
| 090 | 0 | 0 | |a 658.1512 |b HOL |
| 100 | 1 | |a Holtz, Herman | |
| 245 | 1 | 0 | |a 100 ways to bosst your firm's profit ability |c Herman Holtz |
| 260 | |a Kuala Lumpur : |b Golden Books Centre Sdn Bhd , |c 1991 | ||
| 300 | |a 393p. ; |c 23cm. | ||
| 650 | 0 | 0 | |a Corporations |x Valuation |
| 650 | 0 | 0 | |a Financial statements |
| 650 | 0 | 0 | |a Profit |
| 999 | |a 033405 |b BUKU |c PINJAMAN |e PERPUSTAKAAN KOMUNITI PETALING JAYA | ||